000
00277nam a2200133Ia 4500
100
_a
GANESH A.
650
_a
Mathematics
942
_c
BK
366
_f
20
245
_a
TEXT BOOK OF ENGG. MATHS-II
260
_b
CBS
_a
New Delhi
_c
2011
082
_a
519/GAN
546
_a
ENGLISH
999
_c
26251
_d
26251